| Art - Music/Opera | 8 | 16.25 | 100% | 63% | 0% |
| Art - Other | 4 | 25.00 | 100% | 100% | 50% |
| Art - Painting/Sculpture | 7 | 15.71 | 100% | 43% | 14% |
| Art - Visual | 4 | 12.50 | 100% | 25% | 0% |
| Current Events/Modern World - Mixed/Any | 1 | 10.00 | 100% | 0% | 0% |
| Current Events/Modern World - Rest of world political | 1 | 10.00 | 100% | 0% | 0% |
| Current Events/Modern World - Rest of world social | 1 | 10.00 | 100% | 0% | 0% |
| Geography - Oceania/Pacific | 1 | 20.00 | 100% | 100% | 0% |
| History - American | 8 | 16.25 | 100% | 50% | 13% |
| History - European | 9 | 14.44 | 78% | 67% | 0% |
| History - Other | 6 | 10.00 | 83% | 0% | 17% |
| History - World | 6 | 13.33 | 100% | 33% | 0% |
| Literature - American any | 1 | 20.00 | 100% | 100% | 0% |
| Literature - American long fiction | 4 | 27.50 | 100% | 100% | 75% |
| Literature - American poetry | 1 | 10.00 | 100% | 0% | 0% |
| Literature - American short fiction | 1 | 10.00 | 100% | 0% | 0% |
| Literature - British any | 1 | 10.00 | 100% | 0% | 0% |
| Literature - British drama | 1 | 20.00 | 100% | 100% | 0% |
| Literature - British long fiction | 2 | 10.00 | 100% | 0% | 0% |
| Literature - British poetry | 1 | 10.00 | 100% | 0% | 0% |
| Literature - British short fiction | 2 | 15.00 | 100% | 50% | 0% |
| Literature - European long fiction | 4 | 20.00 | 75% | 100% | 25% |
| Literature - European poetry | 2 | 15.00 | 100% | 50% | 0% |
| Literature - European short fiction | 1 | 10.00 | 100% | 0% | 0% |
| Literature - World/Misc any | 1 | 10.00 | 100% | 0% | 0% |
| Literature - World/Misc long fiction | 3 | 16.67 | 100% | 67% | 0% |
| Literature - World/Misc poetry | 1 | 20.00 | 100% | 100% | 0% |
| Literature - World/Misc short fiction | 1 | 20.00 | 100% | 100% | 0% |
| Mythology - Egyptian | 2 | 10.00 | 100% | 0% | 0% |
| Mythology - Greco/Roman | 4 | 15.00 | 100% | 50% | 0% |
| Mythology - Mixed/Any | 1 | 10.00 | 100% | 0% | 0% |
| Other Academic/Cross-Category - Any | 3 | 20.00 | 100% | 67% | 33% |
| Philosophy - 20th century | 2 | 10.00 | 100% | 0% | 0% |
| Philosophy - Enlightenment | 1 | 10.00 | 100% | 0% | 0% |
| Philosophy - Pre-20th | 1 | 10.00 | 100% | 0% | 0% |
| Religion - Christianity/Judaism | 3 | 13.33 | 100% | 33% | 0% |
| Religion - Hinduism | 1 | 0.00 | 0% | 0% | 0% |
| Religion - Islam | 1 | 20.00 | 100% | 100% | 0% |
| Religion - Mixed/Any | 2 | 5.00 | 50% | 0% | 0% |
| Science - Astronomy | 1 | 20.00 | 100% | 100% | 0% |
| Science - Biology | 5 | 6.00 | 40% | 20% | 0% |
| Science - Chemistry | 7 | 10.00 | 86% | 14% | 0% |
| Science - Compsci | 2 | 15.00 | 100% | 50% | 0% |
| Science - Earth | 1 | 10.00 | 100% | 0% | 0% |
| Science - Other | 3 | 10.00 | 100% | 0% | 0% |
| Science - Physics | 2 | 10.00 | 100% | 0% | 0% |
| Social Science - Anthropology | 2 | 20.00 | 100% | 100% | 0% |
| Social Science - Economics | 2 | 5.00 | 0% | 50% | 0% |
| Social Science - Psychology | 1 | 10.00 | 100% | 0% | 0% |
| Social Science - Sociology | 1 | 10.00 | 100% | 0% | 0% |